Երգերի գիրք : (Record no. 79626)
[ view plain ]
| 000 -LEADER | |
|---|---|
| fixed length control field | 00900nam a2200205 a 4500 |
| 003 - CONTROL NUMBER IDENTIFIER | |
| control field | AM-YeHGA |
| 005 - DATE AND TIME OF LATEST TRANSACTION | |
| control field | 20260409100221.0 |
| 008 - FIXED-LENGTH DATA ELEMENTS--GENERAL INFORMATION | |
| fixed length control field | 030519s1942 ai |||||r|||||000|p|arm|d |
| 040 ## - CATALOGING SOURCE | |
| Original cataloging agency | AM-YeHGA |
| Transcribing agency | AM-YeHGA |
| 041 0# - LANGUAGE CODE | |
| Language code of text/sound track or separate title | arm |
| 100 1# - MAIN ENTRY--PERSONAL NAME | |
| Personal name | Շիրազ, Հովհաննես Թադևոսի, |
| Dates associated with a name | 1914-1984 |
| 9 (RLIN) | 99 |
| 245 10 - TITLE STATEMENT | |
| Title | Երգերի գիրք : |
| Remainder of title | [Բանաստեղծություններ] / |
| Statement of responsibility, etc. | Հ. Շիրազ ; Խմբ.՝ Ավ. Իսահակյան, Ռ. Զարյան. |
| 260 ## - PUBLICATION, DISTRIBUTION, ETC. | |
| Place of publication, distribution, etc. | Երևան : |
| Name of publisher, distributor, etc. | Հայպետհրատ, |
| Date of publication, distribution, etc. | 1942. |
| 300 ## - PHYSICAL DESCRIPTION | |
| Extent | 112 էջ ; |
| Dimensions | 15 սմ. |
| 650 14 - SUBJECT ADDED ENTRY--TOPICAL TERM | |
| Topical term or geographic name entry element | Հայ գրականություն |
| 700 1# - ADDED ENTRY--PERSONAL NAME | |
| Personal name | Իսահակյան, Ավետիք Սահակի, |
| Dates associated with a name | 1875-1957 |
| Relator term | խմբ. |
| Relationship | edt |
| 9 (RLIN) | 963 |
| 700 1# - ADDED ENTRY--PERSONAL NAME | |
| Personal name | Զարյան, Ռուբեն Վարոսի, |
| Dates associated with a name | 1909-1994 |
| Relator term | խմբ. |
| Relationship | edt |
| 9 (RLIN) | 1691 |
| 856 41 - ELECTRONIC LOCATION AND ACCESS | |
| Uniform Resource Identifier | <a href="https://haygirk.nla.am/upload/1941-/ergeri%20girq_1942.pdf">https://haygirk.nla.am/upload/1941-/ergeri%20girq_1942.pdf</a> |
| Link text | Կարդալ առցանց |
| 942 ## - ADDED ENTRY ELEMENTS (KOHA) | |
| Source of classification or shelving scheme | Universal Decimal Classification |
| Koha item type | Գրքեր / Books |
| Withdrawn status | Lost status | Source of classification or shelving scheme | Damaged status | Not for loan | Collection | Home library | Current library | Date acquired | Total checkouts | Full call number | Barcode | Date last seen | Cost, replacement price | Price effective from | Koha item type | Public note |
|---|---|---|---|---|---|---|---|---|---|---|---|---|---|---|---|---|
| Universal Decimal Classification | General | Fundamental Scientific Library | Fundamental Scientific Library | 22/12/2016 | AI/5824 | FL0041662 | 22/12/2016 | 8.00 | 22/12/2016 | Գրքեր / Books | 30 Days Loan | |||||
| Universal Decimal Classification | Gharibyan individual Collection | Fundamental Scientific Library | Fundamental Scientific Library | 09/04/2026 | Ղար/997 | FL0699737 | 09/04/2026 | 09/04/2026 | Գրքեր / Books | Չի սպասարկվում |
ՀՀ Գիտությունների ազգային ակադեմիայի հիմնարար գիտական գրադարան = Fundamental Scientific Library of NAS RA
All site content, except where otherwise noted, is licensed under a